Finite Element Analysis: (Record no. 589953)
[ view plain ]
| 000 -LEADER | |
|---|---|
| fixed length control field | 00359nam a22001337a 4500 |
| 020 ## - INTERNATIONAL STANDARD BOOK NUMBER | |
| International Standard Book Number | 9788121923149 |
| 040 ## - CATALOGING SOURCE | |
| Transcribing agency | NUST |
| 082 ## - DEWEY DECIMAL CLASSIFICATION NUMBER | |
| Classification number | 670.00151535 RAJ |
| 100 ## - MAIN ENTRY--PERSONAL NAME | |
| Personal name | Rajasekaran, S. |
| 9 (RLIN) | 40510 |
| 245 ## - TITLE STATEMENT | |
| Title | Finite Element Analysis: |
| Remainder of title | In Engineering Design |
| 260 ## - PUBLICATION, DISTRIBUTION, ETC. | |
| Place of publication, distribution, etc. | New Delhi: |
| Name of publisher, distributor, etc. | S.Chand, |
| Date of publication, distribution, etc. | 2015. |
| 650 ## - SUBJECT ADDED ENTRY--TOPICAL TERM | |
| Topical term or geographic name entry element | Finite Element Analysis |
| 9 (RLIN) | 91818 |
| 942 ## - ADDED ENTRY ELEMENTS (KOHA) | |
| Source of classification or shelving scheme | |
| Koha item type | Book |
| Withdrawn status | Lost status | Source of classification or shelving scheme | Damaged status | Not for loan | Permanent Location | Current Location | Shelving location | Date acquired | Full call number | Barcode | Date last seen | Price effective from | Koha item type | Public note |
|---|---|---|---|---|---|---|---|---|---|---|---|---|---|---|
| College of Electrical & Mechanical Engineering (CEME) | College of Electrical & Mechanical Engineering (CEME) | General Stacks | 05/24/2022 | 620.00151535 RAJ | CEME-48032 | 05/24/2022 | 05/24/2022 | Book | ||||||
| College of Electrical & Mechanical Engineering (CEME) | College of Electrical & Mechanical Engineering (CEME) | General Stacks | 05/24/2022 | 620.00151535 RAJ | CEME-48033 | 05/24/2022 | 05/24/2022 | Book | 4.0 |
